Совершенствование и повышение эффективности энерготехнологий и производств. Т. 3, кн. 3: Нечеткая логика, методы идентификации, локальные САР, развитие методов расчета (Запись № 11749863)

Подробности
000 -МАРКЕР
контрольное поле 02105nam2a2200349 4500
001 - ИДЕНТИФИКАТОР ЗАПИСИ
контрольное поле RU\NLR\BIBL_A\011450417
005 - ИДЕНТИФИКАТОР ВЕРСИИ
контрольное поле 20241225205924.0
010 ## - МЕЖДУНАРОДНЫЙ СТАНДАРТНЫЙ НОМЕР КНИГИ (ISBN)
Номер (ISBN) 9785829505172
Тираж 120
021 ## - НОМЕР ГОСУДАРСТВЕННОЙ РЕГИСТРАЦИИ
Код страны Российская Федерация
Номер 2017-50529
Номер Листа государственной регистраци 3627
035 ## - ДРУГИЕ СИСТЕМНЫЕ НОМЕРА
Идентификатор записи (RuMoRGB)008933121
035 ## - ДРУГИЕ СИСТЕМНЫЕ НОМЕРА
Идентификатор записи (NLR Aleph) 011450417
100 ## - ДАННЫЕ ОБЩЕЙ ОБРАБОТКИ
Данные общей обработки 20170807d2017 u||y0rusy50 ca
101 0# - ЯЗЫК РЕСУРСА
Язык текста, звукозаписи и т.д. русский
102 ## - СТРАНА ПУБЛИКАЦИИ ИЛИ ПРОИЗВОДСТВА
Страна публикации Российская Федерация
105 ## - ПОЛЕ КОДИРОВАННЫХ ДАННЫХ: ТЕКСТОВЫЕ МАТЕРИАЛЫ, МОНОГРАФИЧЕСКИЕ
Кодированные данные о монографическом текстовом документе ac z 000zy
200 1# - ЗАГЛАВИЕ И СВЕДЕНИЯ ОБ ОТВЕТСТВЕННОСТИ
Основное заглавие Нечеткая логика, методы идентификации, локальные САР, развитие методов расчета
Первые сведения об ответственности В.Г. Лисиенко, Ю.В. Крюченков
210 ## - ПУБЛИКАЦИЯ, РАСПРОСТРАНЕНИЕ И ДР.
Место издания, распространения и т.д. Екатеринбург
Имя издателя, распространителя и т. д. Изд-во УМЦ УПИ
Дата издания, распространения и т.д. 2017
215 ## - ФИЗИЧЕСКАЯ ХАРАКТЕРИСТИКА
Специфическое обозначение материала и объем 531 с.
Другие сведения о физической характеристике ил., табл., портр.
300 ## - ОБЩИЕ ПРИМЕЧАНИЯ
Текст примечания На 4-й с. обл. авт.: Лисиенко В.Г. д.т.н., проф., Крюченков Ю.В., д.т.н.
320 ## - ПРИМЕЧАНИЯ О НАЛИЧИИ В ДОКУМЕНТЕ БИБЛИОГРАФИИ / УКАЗАТЕЛЯ
Текст примечания Библиогр.: с. 489-511 (236 назв.)
461 #1 - УРОВЕНЬ НАБОРА
Встроенное поле 001RU\NLR\bibl\1367944
-- 2001#$aСовершенствование и повышение эффективности энерготехнологий и производств$vТ. 3, кн. 3
Идентификатор связанной записи RU\NLR\bibl\1367944
Системный номер (АБИС) связанной записи 975704
Автор Лисиенко, В. Г. (1933-)
Место публикации Москва
Дата публикации 2008
Первые сведения об ответственности В.Г. Лисиенко
Имя издателя, распространителя и т.д. Теплотехник
Сведения, относящиеся к заглавию (интегрированный энерго-экологический анализ: теория и практика) : [в 2 т.]
Заглавие Совершенствование и повышение эффективности энерготехнологий и производств
Номер тома Т. 3, кн. 3
606 ## - НАИМЕНОВАНИЕ ТЕМЫ КАК ПРЕДМЕТ
Наименование темы Автоматическое управление и регулирование
Системный номер авторитетной/нормативной записи 1121928
Идентификатор авторитетной/нормативной записи RU\NLR\AUTH\66124838
606 ## - НАИМЕНОВАНИЕ ТЕМЫ КАК ПРЕДМЕТ
Наименование темы САУ
Тематический подзаголовок Эффективность
Системный номер авторитетной/нормативной записи 2171568
Идентификатор авторитетной/нормативной записи RU\NLR\AUTH\661306251
686 1# - ИНДЕКСЫ ДРУГИХ КЛАССИФИКАЦИЙ
Индекс З965
701 #1 - ИМЯ ЛИЦА - АЛЬТЕРНАТИВНАЯ ОТВЕТСТВЕННОСТЬ
Начальный элемент ввода Крюченков
Часть имени, кроме начального элемента ввода Ю.В.
Даты 1953-
Расширение инициалов личного имени Юрий Владимирович
852 ## - МЕСТОНАХОЖДЕНИЕ И ШИФР ХРАНЕНИЯ
Идентификатор организации NLR
Шифр хранения (Call Number) 2008-7/7343
942 ## - ДОПОЛНИТЕЛЬНЫЕ ЭЛЕМЕНТЫ ЗАПИСИ (АБИС)
Тип экземпляра АБИС Книга
980 ## - КОЛЛЕКЦИЯ
Название коллекции НБР

Нет доступных экземпляров.